Pays qui possédaient Hanoï à travers l'histoire - Statistiques

Statistiques générales
  • Ce quiz a été pris 46 fois
  • Le résultat moyen est 4 sur 11
Statistiques - réponses
Période Pays % Correct
1976 - Aujourd'hui République Socialiste du Viêtnam
98%
1940 - 1945 Empire du Japon
90%
1883 - 1954 Indochine Française
63%
1954 - 1976 Viêtnam du Nord
41%
1940 Régime de Vichy
22%
1802 - 1945 Empire de l'Annam / Dynastie Nguyện / Viêt Mịnh
17%
1883 - 1954 Protectorat Français du Tonkin
15%
968 - 1802 Đại Việt / Grand Viêt
12%
IIe siècle - 939 Chine Impériale / Đông Son
5%
980 - 1010 Lê antérieur
2%
939 - 968 Ngô Quyên
2%
Aucun quiz correspondant
Distribution des résultats
% des personnes avec chaque résultat
Percentile par nombre de réponses
Votre historique - résultats
Vous n’avez pas pris ce quiz